Londres
I tiakina i:
| Kaituhi matua: | |
|---|---|
| Hōputu: | Pukapuka |
| Reo: | Wīwī |
| I whakaputaina: |
París
Pneu Michelin
1975
|
| Ngā marau: | |
| Ngā Tūtohu: |
Tāpirihia he Tūtohu
Kāore He Tūtohu, Me noho koe te mea tuatahi ki te tūtohu i tēnei pūkete!
|
MARC
| LEADER | 00000nam a2200000 a 4500 | ||
|---|---|---|---|
| 001 | UCV8721 | ||
| 003 | CL-VaPUC | ||
| 008 | 911128e19750000FR |||||||||||||||||fre|d | ||
| 082 | 0 | 4 | |a 910.202 |b MIC |2 21 |
| 100 | |a Michelin |e autor |9 302751 | ||
| 245 | 1 | 0 | |a Londres |
| 300 | |a 179 p | ||
| 942 | |c BK | ||
| 945 | |d 19911128 00:00:00 | ||
| 260 | |a París |b Pneu Michelin |c 1975 | ||
| 650 | 7 | |a DESCRIPCIONES |2 CL-VaPUC |9 267091 | |
| 651 | 7 | |a LONDRES, INGLATERRA |2 CL-VaPUC |9 267092 | |
| 583 | |a last modification |c 19911128 00:00:00 |k Rodrigo Vera | ||
| 999 | |c 214197 |d 214195 | ||
| 952 | |0 0 |1 0 |4 0 |6 910_202000000000000_MIC_1975 |7 0 |8 P |9 197351 |a BIBARQ |b BIBARQ |d 2019-11-14 |i 2650169 |o 910.202 MIC 1975 |p 2650169 |r 2025-01-20 |w 2019-11-14 |y BK |k ARQ | ||